[Event "NED-ch U16 Girls"]
[Site "Assen"]
[Date "2018.05.04"]
[Round "6"]
[White "Martinez, Sara"]
[Black "Morote, Luna"]
[Result "1/2-1/2"]
[WhiteElo "1446"]
[BlackElo "1415"]
[PlyCount "55"]
[EventDate "2018.04.29"]
[EventType "swiss"]
[EventRounds "7"]
[EventCountry "NED"]
[SourceTitle "CBM 184 Extra"]
[Source "ChessBase"]
[SourceDate "2018.06.28"]
[SourceVersion "1"]
[SourceVersionDate "2018.06.28"]
[SourceQuality "1"]

1. e4 c5 2. Nf3 d6 3. d4 cxd4 4. Qxd4 Nf6 5. Nc3 e5 6. Qd3 Be7 7. Bg5 h6 8. Bxf6 gxf6 9. Nd5 a6 10. Nxe7 Kxe7 11. Qb3 Qc7 12. Bc4 Be6 13. Bxe6 fxe6 14. Nh4 Rg8 15. 0-0-0 Nd7 16. Qe3 Rac8 17. Rd2 Qc4 18. Kb1 Nf8 19. Rhd1 Rc6 20. f3 Rh8 21. g3 Qb5 22. Qa3 Qc4 23. Ng2 Nd7 24. Ne3 Qc5 25. Qb3 b5 26. Qd3 Rhc8 27. Rg2 a5 28. f4 1/2-1/2

[Event "EU-ch U12 Girls 27th"]
[Site "Mamaia"]
[Date "2017.09.09"]
[Round "5"]
[White "Tokranova, Evelina"]
[Black "Morote, Luna"]
[Result "1/2-1/2"]
[WhiteElo "1243"]
[BlackElo "1347"]
[PlyCount "75"]
[EventDate "2017.09.05"]
[EventType "swiss"]
[EventRounds "9"]
[EventCountry "ROU"]
[SourceTitle "EXT 2018"]
[Source "ChessBase"]
[SourceDate "2017.10.13"]
[SourceVersion "1"]
[SourceVersionDate "2017.10.13"]
[SourceQuality "1"]

1. c4 Nf6 2. Nc3 g6 3. g3 Bg7 4. Bg2 0-0 5. e4 d6 6. Nge2 Nbd7 7. 0-0 e5 8. d3 Ne8 9. f4 f5 10. exf5 Rxf5 11. Be4 Rf8 12. fxe5 Rxf1+ 13. Qxf1 Nxe5 14. Bf4 c6 15. Kh1 Nc7 16. Bxe5 Bxe5 17. b3 d5 18. Bf3 Bf5 19. Rd1 Qd6 20. d4 Bg7 21. cxd5 cxd5 22. h3 Rf8 23. Qg2 Be6 24. Nf4 Rd8 25. Nxe6 Qxe6 26. Kh2 Kh8 27. Qe2 Qxe2+ 28. Nxe2 Ne6 29. h4 Kg8 30. Kh3 h5 31. g4 hxg4+ 32. Bxg4 Kf7 33. h5 gxh5 34. Bxh5+ Kf6 35. Bg4 Ng5+ 36. Kg2 Ne4 37. Bf3 Ng5 38. Ng1 1/2-1/2

[Event "EU-ch U12 Girls 27th"]
[Site "Mamaia"]
[Date "2017.09.08"]
[Round "4"]
[White "Morote, Luna"]
[Black "Soares, Sara Joana de Moura"]
[Result "0-1"]
[WhiteElo "1347"]
[BlackElo "1207"]
[PlyCount "44"]
[EventDate "2017.09.05"]
[EventType "swiss"]
[EventRounds "9"]
[EventCountry "ROU"]
[SourceTitle "CBM 180 Extra"]
[Source "ChessBase"]
[SourceDate "2017.10.06"]
[SourceVersion "1"]
[SourceVersionDate "2017.10.06"]
[SourceQuality "1"]

1. e4 e5 2. Nf3 Nc6 3. Bc4 Bc5 4. b4 Bxb4 5. c3 Ba5 6. d4 d6 7. d5 Nce7 8. Qa4+ c6 9. dxc6 bxc6 10. 0-0 Bc7 11. Ng5 Nh6 12. f4 exf4 13. Bxf4 f6 14. Ne6 Bxe6 15. Bxe6 Nf7 16. Rd1 0-0 17. Na3 Kh8 18. Rd3 Ne5 19. Bxe5 fxe5 20. Rad1 Rf6 21. Bh3 Rb8 22. R1d2 Bb6+ 0-1